00582nam a2200145Ia 4500008004100000020001800041082001500059245014400074260006300218300001000281440002200291600005000313650001600363700005700379120622s9999 xx 000 0 und d a968-36-3116-9 a330.1 E59e aEnsayos en torno al pensamiento económico de Antonio Sacristán Colás / presentación de Benito Rey Romay ; Carlos Tello ... [et al.] aMéxico : UNAM, Instituto de Investigaciones Económicas a86 p. aNuestros Maestros a1. SACRISTAN COLAS, ANTONIO - CRITICA TEXTUAL a2. ECONOMIA aTello, Carlos \ Rey Romay, Benito, presentaciónÌ